| 000 | 00581nam a2200169 i 4500 | ||
|---|---|---|---|
| 001 | 30525 | ||
| 003 | ES-MaACL | ||
| 007 | t| | ||
| 008 | 030124s1974 ag ||||1| spa d | ||
| 100 | 1 |
_aBarthes, Roland. _926125 |
|
| 245 | 1 | 0 |
_aInvestigaciones retóricas _b: . I. La Antigua retórica : Ayudamemoria / _cRonald Barthes ; [traducción Beatriz Dorriots]. |
| 260 |
_a[Buenos Aires] : _bTiempo Contemporáneo, _c[1974] |
||
| 300 |
_a80 p. ; _c22 cm. |
||
| 700 | 1 |
_aDorriots, Beatriz. _945430 |
|
| 740 | 3 | _aLa antigua retórica : ayudamemoria. | |
| 852 |
_aES-MaACL _jE-8569 _bR.93074 |
||
| 999 |
_c30525 _d30525 |
||